00482nam a2200145Ia 4500008004100000024001500041082001900056100001800075245003000093260002500123600002100148650003800169952011200207999001700319250506s9999 xx 000 0 und d a10B-111-BS a330.178072 NAV aNaveed Asghar 0aSmart Bil pay (code book) aKarachi:bUIT,c2010 aComputer Science aBachelor of Computer Science (BS) 001040708PR-CSaUITUbUITUd2022-07-26l0o330.178072 NAVpBS-422-Ar2025-05-06 11:34:21w2025-05-06yPR c28324d28324